La réponse est dans la question - Statistiques

Statistiques générales
  • Ce quiz a été pris 54 fois
  • Le résultat moyen est 6 sur 20
Statistiques - réponses
Indice Nombre de lettres Réponse % Correct
Coiffes de cuisinier 6 Toques
68%
Ôtions la vie 6 Tuions
57%
Acariens suceurs de sang 6 Tiques
47%
Accès de toux 7 Quintes
45%
Existions, nous trouvions 6 Étions
43%
Demandions un don, une faveur 8 Quêtions
43%
Relatif à la vitesse du son 7 Sonique
43%
Entendîtes 6 Ouïtes
40%
Qui ont de la vigueur, de l'énergie 8 Toniques
36%
Chevalins 6 Équins
34%
Impassible, imperturbable 7 Stoïque
30%
Recouvertes d'huiles saintes 6 Ointes
28%
Vient à la suite, en résulte (s') 6 Ensuit
21%
Appui, aide, défense 7 Soutien
21%
Tranquilles, calmes 6 Quiets
17%
Ancienne monnaie vénitienne ou petite paillette ronde 6 Sequin
17%
S'écoule très lentement, sort goutte à goutte 6 Suinte
15%
Des centimètres ou des millilitres, par exemple 6 Unités
9%
Relatifs à l'oreille 7 Otiques
6%
Hauteurs de tons 6 Tonies
2%
Aucun quiz correspondant
Distribution des résultats
% des personnes avec chaque résultat
Percentile par nombre de réponses
Votre historique - résultats
Vous n’avez pas pris ce quiz